Vista normal Vista MARC

Entrada Personal Name

Número de registros utilizados en: 1

001 - CONTROL NUMBER

  • control field: 42829

003 - CONTROL NUMBER IDENTIFIER

  • control field: OSt

005 - DATE AND TIME OF LATEST TRANSACTION

  • control field: 20241004161813.0

008 - FIXED-LENGTH DATA ELEMENTS

  • fixed length control field: 241004|| aca||aabn | a|a d

040 ## - CATALOGING SOURCE

  • Original cataloging agency: OSt
  • Transcribing agency: OSt

100 ## - HEADING--PERSONAL NAME

  • Personal name: Cortés Ramos, Fernando; Escobar Ladino, Andrés; Molina Rodríguez, Wilson

670 ## - SOURCE DATA FOUND

  • Source citation: Work cat.: (OSt)38413: El Gran Libro de Valores Para Sí Mismo:









Instituto Departamental de Cultura del Meta - Red Departamental de Bibliotecas Públicas del Meta.